Идентификация параметров гетерогенно каталитических реакций с применением статистического подхода; Химия и химическая технология в XXI веке

Bibliographic Details
Parent link:Химия и химическая технология в XXI веке.— 2018.— [С. 261-262]
Main Author: Бондарчук И. C.
Corporate Author: Национальный исследовательский Томский государственный университет (ТГУ)
Other Authors: Курзина И. А. (научный руководитель)
Summary:Заглавие с экрана
Language:Russian
Published: 2018
Series:Теоретические и прикладные аспекты физической и аналитической химии
Subjects:
Online Access:http://earchive.tpu.ru/handle/11683/49726
Format: MixedMaterials Electronic Book Chapter
KOHA link:https://koha.lib.tpu.ru/cgi-bin/koha/opac-detail.pl?biblionumber=626887

MARC

LEADER 00000naa2a2200000 4500
001 626887
005 20231101133432.0
035 |a (RuTPU)RU\TPU\conf\26552 
035 |a RU\TPU\conf\26550 
090 |a 626887 
100 |a 20180807d2018 k y0rusy50 ca 
101 0 |a rus 
102 |a RU 
105 |a y z 101zy 
135 |a drgn ---uucaa 
181 0 |a i  
182 0 |a b 
200 1 |a Идентификация параметров гетерогенно каталитических реакций с применением статистического подхода  |f И. C. Бондарчук  |g науч. рук. И. А. Курзина 
203 |a Текст  |c электронный 
225 1 |a Теоретические и прикладные аспекты физической и аналитической химии 
230 |a 1 компьютерный файл (pdf; 832 Kb) 
300 |a Заглавие с экрана 
320 |a [Библиогр.: с. 262 (4 назв.)] 
463 0 |0 (RuTPU)RU\TPU\conf\26227  |t Химия и химическая технология в XXI веке  |o материалы XIX Международной научно-практической конференции студентов и молодых ученых имени профессора Л. П. Кулёва, 21-24 мая 2018 г., г. Томск  |f Национальный исследовательский Томский политехнический университет  |v [С. 261-262]  |d 2018 
610 1 |a электронный ресурс 
610 1 |a идентификация 
610 1 |a химические процессы 
610 1 |a параметры 
610 1 |a каталитические реакции 
610 1 |a гетерогенно-каталитические реакции 
610 1 |a статистический подход 
610 1 |a кинетические уравнения 
610 1 |a математическое описание 
700 1 |a Бондарчук  |b И. C. 
702 1 |a Курзина  |b И. А.  |4 727 
712 0 2 |a Национальный исследовательский Томский государственный университет (ТГУ)  |c (2009- )  |2 stltpush  |3 (RuTPU)RU\TPU\col\17230 
801 2 |a RU  |b 63413507  |c 20180821  |g RCR 
856 4 |u http://earchive.tpu.ru/handle/11683/49726 
942 |c BK